Principles of fluorescence spectroscopy

Uloženo v:
Podrobná bibliografie
Hlavní autor: Lakowicz, Joseph R (Autor)
Médium: Kniha
Jazyk:angličtina
Vydáno: Nueva York Kluwer Academic 1999
Vydání:2a. ed
Témata:
Tagy: Přidat tag
Žádné tagy, Buďte první, kdo vytvoří štítek k tomuto záznamu!

MARC

LEADER 00000nam a2200000 a 4500
001 UCN0837
003 CL-VaPUC
008 010406e19990000US |||||||||||||||||eng|d
082 0 4 |a 543.085  |b LAK  |2 21 
100 |a Lakowicz, Joseph R  |e author  |9 586122 
245 1 0 |a Principles of fluorescence spectroscopy 
250 |a 2a. ed 
300 |a 698 p 
942 |c BK 
945 |d 20010406 00:00:00  |a cmena 
260 |a Nueva York  |b Kluwer Academic  |c 1999 
650 0 |a Espectroscopía  |9 306791 
650 0 |a Química analítica  |9 259648 
650 0 |a Análisis espectroscópico   |9 356865 
650 0 |a Reacciones químicas  |9 259438 
650 7 |a FLUOROMETRIA  |2 CL-VaPUC  |9 456090 
583 |a last modification  |c 20010406 00:00:00  |k Rodrigo Vera 
999 |c 294458  |d 294456 
952 |0 0  |1 0  |4 0  |6 543_085000000000000_LAK_1999  |7 0  |8 A  |9 346914  |a BIBCUR  |b BIBCUR  |d 2019-11-20  |i 3706400  |l 3  |m 2  |o 543.085 LAK 1999  |p 3706400  |r 2025-04-22  |s 2024-04-16  |w 2019-11-20  |y BK  |k DCQ